Escuela de Arquitectura, Arte y Diseño : (Record no. 12418)

MARC details
000 -CABECERA
campo de control de longitud fija 01388nam a2200301 4500
003 - IDENTIFICADOR DEL NÚMERO DE CONTROL
campo de control MX-MxINE
005 - FECHA Y HORA DE LA ÚLTIMA TRANSACCIÓN
campo de control 20260530113920.0
008 - DATOS DE LONGITUD FIJA--INFORMACIÓN GENERAL
campo de control de longitud fija 260520b2023 mx a|||| |||| 00| 0 spa d
040 ## - FUENTE DE LA CATALOGACIÓN
Centro catalogador/agencia de origen MX-MxINE
Lengua de catalogación spa
Centro/agencia transcriptor MX-MxINE
Normas de descripción rda
041 ## - CÓDIGO DE LENGUA
Código de lengua del texto/banda sonora o título independiente spa
050 ## - SIGNATURA TOPOGRÁFICA DE LA BIBLIOTECA DEL CONGRESO
Número de clasificación LE7.M765
Número de documento/Ítem I5788 2023
100 ## - ENTRADA PRINCIPAL--NOMBRE DE PERSONA
Nombre de persona Nowotka, Maximillian,
Término indicativo de función/relación Coordinador
9 (RLIN) 34544
110 ## - ENTRADA PRINCIPAL--NOMBRE DE ENTIDAD CORPORATIVA
Nombre de entidad corporativa o nombre de jurisdicción como elemento de entrada Instituto Tecnológico y de Estudios Superiores de Monterrey.
Unidad subordinada Escuela de Arquitectura, Arte y Diseño,
Término indicativo de función/relación autor
9 (RLIN) 34545
245 ## - MENCIÓN DE TÍTULO
Título Escuela de Arquitectura, Arte y Diseño :
Resto del título 2017-2022 = School of Architecture, Art and Design : 2017-2022 /
Mención de responsabilidad, etc. coordinadores Maximilian Nowotka, Irving Huertas, Amador Guerrero ; traducción David Muldrew
250 ## - MENCIÓN DE EDICIÓN
Mención de edición Primero edición
264 #1 - PRODUCCIÓN, PUBLICACIÓN, DISTRIBUCIÓN, FABRICACIÓN Y COPYRIGHT
Producción, publicación, distribución, fabricación y copyright México :
Nombre del de productor, editor, distribuidor, fabricante Instituto Tecnológico y de Estudios Superiores de Monterrey,
Fecha de producción, publicación, distribución, fabricación o copyright 2023
300 ## - DESCRIPCIÓN FÍSICA
Extensión 369 páginas :
Otras características físicas ilustraciones a color y en blanco y negro ;
336 ## - TIPO DE CONTENIDO
Fuente rdacontent
Término de tipo de contenido texto
337 ## - TIPO DE MEDIO
Fuente rdamedia
Nombre/término del tipo de medio sin medio
338 ## - TIPO DE SOPORTE
Fuente rdacarrier
Nombre/término del tipo de soporte volumen
610 ## - PUNTO DE ACCESO ADICIONAL DE MATERIA--NOMBRE DE ENTIDAD CORPORATIVA
Nombre de entidad corporativa o nombre de jurisdicción como elemento de entrada Instituto Tecnológico y de Estudios Superiores de Monterrey.
Unidad subordinada School of Architecture, Art and Design.
9 (RLIN) 34546
650 ## - PUNTO DE ACCESO ADICIONAL DE MATERIA--TÉRMINO DE MATERIA
Término de materia o nombre geográfico como elemento de entrada Diseño
9 (RLIN) 2672
700 ## - PUNTO DE ACCESO ADICIONAL--NOMBRE DE PERSONA
Nombre de persona Nowotka, Maximilian,
Término indicativo de función/relación autor
9 (RLIN) 34547
700 ## - PUNTO DE ACCESO ADICIONAL--NOMBRE DE PERSONA
Nombre de persona Huertas, Irving,
Término indicativo de función/relación autor
9 (RLIN) 34548
700 ## - PUNTO DE ACCESO ADICIONAL--NOMBRE DE PERSONA
Nombre de persona Guerrero, Amador,
Término indicativo de función/relación autor
9 (RLIN) 34549
700 ## - PUNTO DE ACCESO ADICIONAL--NOMBRE DE PERSONA
Nombre de persona Muldrew, David,
Término indicativo de función/relación traductor
9 (RLIN) 34550
942 ## - ELEMENTOS DE PUNTO DE ACCESO ADICIONAL (KOHA)
Fuente del sistema de clasificación o colocación Library of Congress Classification
Suprimir en OPAC 1
Tipo de ítem Koha

No items available.